| 000 | 00445nam a2200157 a 4500 | ||
|---|---|---|---|
| 001 | 000047584 | ||
| 005 | 20201002060624.0 | ||
| 008 | 180704s2017 dr 000 spa d | ||
| 020 | _a9789945609233 | ||
| 040 |
_aDO-SdBNP _bspa _cBNPHU |
||
| 100 | 1 |
_aMercedes, Carlos _975227 |
|
| 245 | 0 |
_aDiario del aprendiz. / _cCalrlos Mercedes. |
|
| 260 |
_aSanto Domingo : _bSantuario, _c2017. |
||
| 300 |
_a107 p. ; _c24 cm. |
||
| 590 | _aInventariado,2018/DG | ||
| 999 |
_c47072 _d47072 |
||